000 00373nam a2200157 i 4500
001 bg
100 1 _aMADEJ, D.
245 0 _aKomputery osobiste /
_cD. Madej, K. Marasek, K. Kuryłowicz.
260 _aWarszawa,
_c1987.
700 1 _aMARASEK, K.
700 1 _aKURYŁOWICZ, K.
040 _cBPK
041 _apol
942 _cKS
008 s pl f |000 0 pol
999 _c160
_d160
856 _uhttp://koha.tu.koszalin.pl/cgi-bin/koha/opac-detail.pl?biblionumber=160
_yKatalog online BPK